| 000 | 00826cab a2200289 4500 | ||
|---|---|---|---|
| 001 | ABS53282 | ||
| 008 | 090401t1995 xxu||||| |||| 00| 0 eng d | ||
| 035 | _a(Sirsi) u3237 | ||
| 041 | _aeng | ||
| 100 | _aReid, G. | ||
| 245 | _aPlaying fair by the new rules | ||
| 260 | _c1995 | ||
| 350 | _a0 | ||
| 490 |
_aEstates Times _v(1287) 7 July 1995, 6(1) |
||
| 520 | _aExamines the Unfair Terms in Consumer Contract Regulations 1994, which came into effect 1 July 1995. | ||
| 650 | _aCONSUMER PROTECTION | ||
| 650 | _aDEVELOPERS | ||
| 650 | _aLIABILITY | ||
| 650 |
_aProperty management _96262 |
||
| 650 | _aSUPPLY OF GOODS | ||
| 650 | _aSUPPLY OF SERVICES | ||
| 650 | _aUNFAIR TERMS IN CONSUMER CONTRACT REGULATIONS 1994 | ||
| 690 | _aECONOMIC AND SOCIAL | ||
| 690 | _aLAW | ||
| 942 | _n0 | ||
| 948 | _c04/03/1997 | ||
| 999 |
_c1979 _d1979 |
||